| 000 | 00375nam a2200145 a 4500 | ||
|---|---|---|---|
| 001 | 3338 | ||
| 003 | CDMR | ||
| 005 | 20130116135243.0 | ||
| 008 | 130130s1913||||||||||||||||||||||||||||d | ||
| 040 |
_aCDMR _bcat _cCDMR |
||
| 110 | 2 |
_aAssociació de la Premsa de Sabadell _92102 |
|
| 245 | 1 | 0 | _aReglament |
| 260 |
_aSabadell _c1913 _bAssociació de la Premsa de Sabadell |
||
| 942 | _cMON | ||
| 999 |
_c3338 _d3338 |
||